| 000 -LEADER |
| fixed length control field |
00565nam a22002057a 4500 |
| 008 - FIXED-LENGTH DATA ELEMENTS--GENERAL INFORMATION |
| fixed length control field |
131008b xxu||||| |||| 00| 0 ger d |
| 020 ## - INTERNATIONAL STANDARD BOOK NUMBER |
| International Standard Book Number |
3826629361 |
| 041 0# - LANGUAGE CODE |
| Language code of text/sound track or separate title |
ger |
| 080 ## - UNIVERSAL DECIMAL CLASSIFICATION NUMBER |
| Universal Decimal Classification number |
004.42 |
| 100 1# - Rafti |
| Rafti |
Leete, Gurdy |
| 245 10 - TITLE STATEMENT |
| Title |
Flash 5 für Dummies / |
| Statement of responsibility, etc |
Gurdy Leete |
| 250 ## - |
| -- |
1. Auflage |
| 260 ## - |
| -- |
Germany : |
| -- |
mitp ; |
| -- |
2001 |
| 300 ## - |
| -- |
380 f. : |
| -- |
me il. |
| -- |
24 cm. |
| -- |
CD |
| 490 ## - |
| -- |
Für Dummies |
| 650 ## - |
| -- |
Programe kompjuterike |
| 650 ## - |
| -- |
Programim |
| 700 1# - |
| -- |
Finkelstein, Ellen |
| 942 ## - ADDED ENTRY ELEMENTS (KOHA) |
| Source of classification or shelving scheme |
|
| Item type |
Books |